Number of Passengers | City |
2,972,729 | New York | | 99.1% | 1,546,084 | Paris | | 97.4% | 1,650,675 | Dublin | | 96.9% | 2,437,889 | Dubai | | 94.8% | 1,274,707 | Madrid | | 94.8% | 1,486,995 | Amsterdam | | 94.6% | 1,354,610 | Los Angeles | | 94.3% | 774,947 | Berlin | | 94.2% | 657,885 | Rome | | 92.2% | 610,463 | Barcelona | | 90.8% | 353,676 | Beijing | | 90.8% | 1,036,608 | Toronto | | 90.4% | 684,263 | Moscow | | 90.1% | 721,413 | Tokyo | | 89.6% | 1,160,217 | Chicago | | 89.4% | 695,981 | Oslo | | 89.3% | 749,677 | Lisbon | | 88.7% | 1,178,614 | Munich | | 88.6% | 1,008,257 | Miami | | 88.6% | 716,571 | Athens | | 88.4% | 1,563,714 | Hong Kong | | 87.7% | 997,463 | Copenhagen | | 87.6% | 935,913 | Stockholm | | 87.5% | 346,121 | Sydney | | 87.5% | 574,569 | Brussels | | 87.4% | 1,125,125 | Singapore | | 87.4% | 759,910 | Vienna | | 87.3% | 415,786 | Shanghai | | 87.3% | 872,417 | Milan | | 87.3% | 638,495 | Helsinki | | 87.1% | 924,402 | Istanbul | | 86.3% | 891,076 | Boston | | 86% | 407,667 | Warsaw | | 85.7% | 937,643 | San Francisco | | 85.3% |
|
Number of Passengers | City |
884,649 | Washington | | 85.2% | 1,506,705 | Frankfurt | | 85.1% | 570,590 | Vancouver | | 85% | 414,056 | Prague | | 84.9% | 358,233 | Cairo | | 84.6% | 422,296 | Cape Town | | 84% | 568,774 | Bangkok | | 83.9% | 1,048,492 | Mumbai | | 83.7% | 939,725 | Johannesburg | | 83.5% | 1,048,878 | Zurich | | 83.4% | 438,679 | Seoul | | 83.3% | 1,067,486 | Delhi | | 81.9% | 279,174 | Budapest | | 81.9% | 658,449 | Dallas | | 81.3% | 517,478 | Tel Aviv | | 81% | 328,307 | Seattle | | 79.3% | 342,437 | Montreal | | 79.2% | 190,328 | Mexico City | | 78.8% | 594,417 | Houston | | 78.7% | 1,018,551 | Geneva | | 78.1% | 642,725 | Abu Dhabi | | 78% | 580,480 | Atlanta | | 77.2% | 171,859 | Hamburg | | 77% | 549,178 | Hamburg | | 77% | 440,735 | Nice | | 75.2% | 435,787 | Sao Paulo | | 75.1% | 895,522 | Doha | | 74.4% | 173,549 | Buenos Aires | | 74% | 236,535 | Bucharest | | 74% | 573,642 | Kuala Lumpur | | 74% | 333,498 | Nairobi | | 73.6% | 188,737 | Rio de Janeiro | | 73.2% | 492,255 | Lagos | | 73.1% | 397,867 | Cork | | 72.4% |
|
Number of Passengers | City |
272,539 | Kuwait | | 72.3% | 228,236 | Las Vegas | | 72% | 383,400 | Philadelphia | | 71.6% | 216,840 | Marseille | | 70.2% | 268,740 | Riyadh | | 67% | 220,654 | Lyon | | 66.3% | 261,002 | Beirut | | 66.3% | 623,942 | Dusseldorf | | 66.1% | 185,840 | Detroit | | 66.1% | 214,241 | Reykjavik | | 63.7% | 186,935 | Malta | | 62.5% | 294,436 | Manama | | 62.1% | 173,431 | San Diego | | 61.5% | 280,605 | Calgary | | 61.5% | 235,231 | Amman | | 60.5% | 1,168,357 | Newark | | 58.3% | 200,890 | Colombo | | 57.7% | 208,706 | Accra | | 57.4% | 211,304 | Phoenix | | 56% | 240,022 | Jeddah | | 55.2% | 183,294 | Muscat | | 54.2% | 292,777 | Gothenburg | | 53.7% | 343,075 | Stuttgart | | 53.3% | 191,089 | Charlotte | | 50.3% | 237,241 | Toulouse | | 49% | 226,374 | Basel Mulhouse | | 47.6% | 232,814 | Shannon | | 47.3% | 180,234 | Bangalore | | 46.1% | 230,807 | Larnaca | | 40% | 229,774 | Bologna | | 31.4% | 212,987 | Stavanger | | 29.1% | 194,425 | Hanover | | 23.6% |
|
Comments